<?xml version="1.0" encoding="UTF-8"?>
<record
    xmlns:xsi="http://www.w3.org/2001/XMLSchema-instance"
    xsi:schemaLocation="http://www.loc.gov/MARC21/slim http://www.loc.gov/standards/marcxml/schema/MARC21slim.xsd"
    xmlns="http://www.loc.gov/MARC21/slim">

  <leader>00164nam a22000857a 4500</leader>
  <datafield tag="245" ind1=" " ind2=" ">
    <subfield code="a">Hand Book of Idioms &amp; Phrases</subfield>
  </datafield>
  <datafield tag="260" ind1=" " ind2=" ">
    <subfield code="b">1702</subfield>
  </datafield>
  <datafield tag="300" ind1=" " ind2=" ">
    <subfield code="a">232</subfield>
  </datafield>
  <datafield tag="942" ind1=" " ind2=" ">
    <subfield code="2">ddc</subfield>
    <subfield code="c">RB</subfield>
  </datafield>
  <datafield tag="999" ind1=" " ind2=" ">
    <subfield code="c">4479</subfield>
    <subfield code="d">4479</subfield>
  </datafield>
  <datafield tag="952" ind1=" " ind2=" ">
    <subfield code="0">0</subfield>
    <subfield code="1">0</subfield>
    <subfield code="2">ddc</subfield>
    <subfield code="4">0</subfield>
    <subfield code="7">0</subfield>
    <subfield code="a">MIETPSJ</subfield>
    <subfield code="b">MIETPSJ</subfield>
    <subfield code="d">2023-04-15</subfield>
    <subfield code="g">80.00</subfield>
    <subfield code="l">0</subfield>
    <subfield code="p">J02622</subfield>
    <subfield code="r">2023-06-09</subfield>
    <subfield code="w">2023-04-11</subfield>
    <subfield code="y">RB</subfield>
    <subfield code="k">22-23/CRB/16</subfield>
  </datafield>
</record>
